000 00663cam a2200181 i 4500
005 20260111122339.0
008 250721s2016 jo gr 000 0 ara d
082 1 4 _a302.2
_bك ا ف
100 1 _aكافي، مصطفى يوسف
_eمؤلف.
245 1 0 _aعولمة الإعلام و الاقتصاد الرقمي /
_cالدكتور مصطفى يوسف كافي.
264 3 1 _aعمان :
_bدار المناهج للنشر و التوزيع،
_c2016.
300 _a239صفحة.
650 1 7 _aالأعلام.
650 1 7 _aوسائل الأتصال الجماهيري.
650 1 7 _aالتدويل.
942 _2ddc
_cBK
999 _c133841
_d133841